000 00547nam a2200181Ia 4500
003 GCL
008 140319s9999 xx 000 0 ara d
040 _aGCL /
_cGCL
082 0 4 _a808.3
_bم ت
100 1 _aرعد عبدالجليل جواد
245 1 0 _aتقنيات الكتابة /
_cرعد عبدالجليل جواد
300 _a160 ص
490 _aالهيئة العامة للاستعلامات
_v0
650 0 4 _aالكتابة
650 0 4 _aالكتابة العربية
650 0 4 _aالكتابة، علم
942 _2ddc
_cBK
999 _c47928
_d47928